[Event "Abu Dhabi op 26th"]
[Site "Abu Dhabi"]
[Date "2019.08.08"]
[Round "7"]
[White "Kiriakov, Petr"]
[Black "Nitish, Belurkar"]
[Result "1/2-1/2"]
[WhiteElo "2514"]
[BlackElo "2271"]
[PlyCount "67"]
[EventDate "2019.08.02"]
[EventType "swiss"]
[EventRounds "9"]
[EventCountry "UAE"]
[SourceTitle "CBM 191 Extra"]
[Source "ChessBase"]
[SourceDate "2019.09.30"]
[SourceVersion "1"]
[SourceVersionDate "2019.09.30"]
[SourceQuality "1"]

1. d4 Nf6 2. c4 e6 3. Nc3 Bb4 4. Bg5 h6 5. Bh4 0-0 6. e3 d6 7. Bd3 Nbd7 8. Nge2 b6 9. 0-0 Bb7 10. f3 d5 11. cxd5 exd5 12. Rc1 Be7 13. Kh1 c5 14. Bb1 Re8 15. Bf2 Rc8 16. Ng3 Bf8 17. Re1 a6 18. a3 g6 19. e4 cxd4 20. Bxd4 dxe4 21. Ncxe4 Nxe4 22. Bxe4 Bxe4 23. Rxc8 Qxc8 24. Nxe4 Re6 25. Bc3 Qc6 26. Qd4 f5 27. Qh8+ Kf7 28. Qh7+ Ke8 29. Nf6+ Kd8 30. Rxe6 Qxe6 31. Qh8 Kc7 32. Nxd7 Qxd7 33. Be5+ Bd6 34. h3 1/2-1/2

[Event "Abu Dhabi op 26th"]
[Site "Abu Dhabi"]
[Date "2019.08.07"]
[Round "6"]
[White "Viani, Antonio Dcunha"]
[Black "Kiriakov, Petr"]
[Result "1/2-1/2"]
[WhiteElo "2371"]
[BlackElo "2514"]
[PlyCount "62"]
[EventDate "2019.08.02"]
[EventType "swiss"]
[EventRounds "9"]
[EventCountry "UAE"]
[SourceTitle "CBM 191 Extra"]
[Source "ChessBase"]
[SourceDate "2019.09.30"]
[SourceVersion "1"]
[SourceVersionDate "2019.09.30"]
[SourceQuality "1"]

1. e4 e6 2. d3 d5 3. Nd2 Nf6 4. Ngf3 Be7 5. g3 0-0 6. Bg2 b5 7. 0-0 b4 8. e5 Nfd7 9. Re1 c5 10. h4 a5 11. Nf1 Nc6 12. N1h2 Ba6 13. h5 a4 14. a3 bxa3 15. bxa3 c4 16. d4 c3 17. Ng4 Na5 18. Bf4 Nc4 19. Qc1 Rb8 20. Bf1 Rb6 21. h6 g6 22. Kg2 Nb2 23. Bxa6 Rxa6 24. Bg5 Nc4 25. Qf4 Rb6 26. Ne3 Bxg5 27. Nxg5 Nd2 28. Nf1 Nc4 29. Ne3 Nd2 30. Nf1 Nc4 31. Ne3 Nd2 1/2-1/2

[Event "Abu Dhabi op 26th"]
[Site "Abu Dhabi"]
[Date "2019.08.03"]
[Round "3"]
[White "Mullick, Raahil"]
[Black "Kiriakov, Petr"]
[Result "1/2-1/2"]
[WhiteElo "2355"]
[BlackElo "2514"]
[PlyCount "32"]
[EventDate "2019.08.02"]
[EventType "swiss"]
[EventRounds "9"]
[EventCountry "UAE"]
[SourceTitle "CBM 191 Extra"]
[Source "ChessBase"]
[SourceDate "2019.09.30"]
[SourceVersion "1"]
[SourceVersionDate "2019.09.30"]
[SourceQuality "1"]

1. e4 e6 2. d4 d5 3. Nc3 Nf6 4. e5 Nfd7 5. f4 c5 6. Nf3 Nc6 7. Be3 h6 8. Qd2 g5 9. dxc5 gxf4 10. Bxf4 Nxc5 11. 0-0-0 a6 12. Kb1 b5 13. Bd3 Qa5 14. Ne2 Qxd2 15. Rxd2 Ne4 16. Bxe4 dxe4 1/2-1/2

[Event "Dubai op 20th"]
[Site "Dubai"]
[Date "2018.04.09"]
[Round "8"]
[White "Harsha, Bharathakoti"]
[Black "Kiriakov, Petr"]
[Result "1-0"]
[WhiteElo "2424"]
[BlackElo "2520"]
[PlyCount "69"]
[EventDate "2018.04.02"]
[EventType "swiss"]
[EventRounds "9"]
[EventCountry "UAE"]
[SourceTitle "CBM 183 Extra"]
[Source "ChessBase"]
[SourceDate "2018.04.19"]
[SourceVersion "1"]
[SourceVersionDate "2018.04.19"]
[SourceQuality "1"]

1. d4 e6 2. c4 Nf6 3. Nf3 Bb4+ 4. Nbd2 b6 5. a3 Bxd2+ 6. Qxd2 Bb7 7. e3 0-0 8. Be2 a5 9. b3 d5 10. Bb2 c5 11. dxc5 bxc5 12. cxd5 exd5 13. Qc3 Qb6 14. 0-0 Re8 15. Bd3 Ba6 16. Rfd1 a4 17. bxa4 Bxd3 18. Rxd3 Qd6 19. Rad1 Qf8 20. Qc2 Nbd7 21. Rxd5 Nxd5 22. Ng5 N7f6 23. Rxd5 Qe7 24. Bxf6 Qxf6 25. Qxh7+ Kf8 26. h3 g6 27. Qh4 Kg8 28. Qh7+ Kf8 29. Qh4 Kg8 30. Rd7 Qa1+ 31. Kh2 Qh8 32. Qc4 Qf6 33. Rxf7 Qa6 34. Rf8+ Kxf8 35. Qf7# 1-0

[Event "Dubai op 20th"]
[Site "Dubai"]
[Date "2018.04.04"]
[Round "3"]
[White "Kiriakov, Petr"]
[Black "Mareco, Sandro"]
[Result "1/2-1/2"]
[WhiteElo "2520"]
[BlackElo "2645"]
[PlyCount "80"]
[EventDate "2018.04.02"]
[EventType "swiss"]
[EventRounds "9"]
[EventCountry "UAE"]
[SourceTitle "CBM 183 Extra"]
[Source "ChessBase"]
[SourceDate "2018.04.19"]
[SourceVersion "1"]
[SourceVersionDate "2018.04.19"]
[SourceQuality "1"]

1. d4 d5 2. c4 e6 3. Nc3 c6 4. e3 Nf6 5. a3 Nbd7 6. Qc2 Bd6 7. c5 Bc7 8. f4 b6 9. b4 0-0 10. Nf3 a5 11. Ra2 Ne4 12. cxb6 Bxb6 13. Nxe4 dxe4 14. Qxe4 axb4 15. Bc4 Nf6 16. Qd3 c5 17. axb4 Rxa2 18. Bxa2 cxd4 19. Nxd4 Bb7 20. Bb2 Qa8 21. Bb3 Rd8 22. Qe2 Ba6 23. b5 Ba5+ 24. Kf1 Bb7 25. Kg1 Bc7 26. h4 h5 27. Nc6 Bxc6 28. Bxf6 gxf6 29. bxc6 Qxc6 30. Rh3 Kf8 31. Qc4 Qb6 32. Kh2 Ke7 33. Rg3 Bd6 34. Ba2 Ra8 35. Qb3 Qa7 36. Bb1 Rb8 37. Qa2 Qc7 38. Bd3 Rc8 39. Be2 Qb8 40. Bxh5 Rh8 1/2-1/2

[Event "Dubai op 20th"]
[Site "Dubai"]
[Date "2018.04.03"]
[Round "2"]
[White "Kiriakov, Petr"]
[Black "Dhulipalla, Bala Chandra Prasad"]
[Result "1-0"]
[WhiteElo "2520"]
[BlackElo "2294"]
[PlyCount "59"]
[EventDate "2018.04.02"]
[EventType "swiss"]
[EventRounds "9"]
[EventCountry "UAE"]
[SourceTitle "CBM 183 Extra"]
[Source "ChessBase"]
[SourceDate "2018.04.19"]
[SourceVersion "1"]
[SourceVersionDate "2018.04.19"]
[SourceQuality "1"]

1. d4 d5 2. c4 c6 3. e3 Nf6 4. Nf3 Bg4 5. h3 Bh5 6. cxd5 Bxf3 7. Qxf3 cxd5 8. Nc3 Nc6 9. Bd3 e6 10. 0-0 Bd6 11. Bd2 0-0 12. Rfc1 Rc8 13. Qd1 Qe7 14. a3 a6 15. b4 b5 16. Ra2 Qb7 17. Ne2 Nd7 18. e4 Nb6 19. e5 Be7 20. Bb1 Nc4 21. Rc3 Qb6 22. Bh6 f5 23. exf6 Bxf6 24. Qc2 g6 25. Bxf8 Kxf8 26. Rf3 Kg7 27. Rg3 Nxd4 28. Rxg6+ Kh8 29. Nxd4 Qxd4 30. Rxf6 1-0

[Event "Prague op 17th"]
[Site "Prague"]
[Date "2018.01.17"]
[Round "7"]
[White "Kiriakov, Petr"]
[Black "Liu, Yi"]
[Result "1/2-1/2"]
[WhiteElo "2528"]
[BlackElo "2337"]
[PlyCount "89"]
[EventDate "2018.01.12"]
[EventType "swiss"]
[EventRounds "9"]
[EventCountry "CZE"]
[SourceTitle "CBM 182 Extra"]
[Source "ChessBase"]
[SourceDate "2018.02.23"]
[SourceVersion "1"]
[SourceVersionDate "2018.02.23"]
[SourceQuality "1"]

1. d4 d5 2. c4 e6 3. Nc3 Nf6 4. cxd5 exd5 5. Bg5 Nbd7 6. e3 Be7 7. Bd3 c6 8. Qc2 h6 9. Bh4 Nh5 10. Bxe7 Qxe7 11. 0-0-0 Nb6 12. Kb1 Nf6 13. h3 Be6 14. Nf3 0-0-0 15. Rc1 Kb8 16. Ka1 Rc8 17. Na4 Nxa4 18. Qxa4 Nd7 19. Rc3 Nb6 20. Qa5 Rc7 21. Ne5 Re8 22. Ra3 Nc8 23. Rc1 f6 24. Ng6 Qd7 25. g4 h5 26. gxh5 Bxh3 27. Nf4 Bg4 28. Bg6 Rh8 29. Rb3 Nb6 30. Ra3 Nc8 31. Rb3 Nb6 32. Nd3 Nc4 33. Qb4 Qc8 34. Nf4 Bf5 35. Bxf5 Qxf5 36. Qe1 Re8 37. Qg1 Nd2 38. Rbc3 Ne4 39. R3c2 Ng5 40. b4 Ne6 41. Qg6 Qxg6 42. Nxg6 Nf8 43. Nf4 Ne6 44. Ng6 Nf8 45. Nf4 1/2-1/2

[Event "Arica op 4th"]
[Site "Arica"]
[Date "2017.12.12"]
[Round "4"]
[White "Kiriakov, Petr"]
[Black "Gonzales Curse, Flavio"]
[Result "1-0"]
[WhiteElo "2528"]
[BlackElo "2063"]
[PlyCount "93"]
[EventDate "2017.12.10"]
[EventType "swiss"]
[EventRounds "10"]
[EventCountry "CHI"]
[SourceTitle "CBM 182 Extra"]
[Source "ChessBase"]
[SourceDate "2018.02.23"]
[SourceVersion "1"]
[SourceVersionDate "2018.02.23"]
[SourceQuality "1"]

1. d4 Nf6 2. c4 g6 3. Nc3 Bg7 4. e4 d6 5. Nf3 0-0 6. Be2 e5 7. 0-0 exd4 8. Nxd4 Re8 9. f3 Nc6 10. Be3 Nh5 11. Qd2 Nxd4 12. Bxd4 Bxd4+ 13. Qxd4 Nf4 14. Rfd1 Qe7 15. Bf1 b6 16. Qd2 Qf6 17. Rac1 Ne6 18. Nd5 Qg7 19. Qf2 Bb7 20. b4 Rad8 21. Qh4 Kh8 22. a3 h6 23. Rd2 a5 24. Qf2 axb4 25. axb4 Rd7 26. Rcd1 Ra8 27. Qe3 Bxd5 28. cxd5 Nf8 29. h4 Re7 30. Rc2 f5 31. Bd3 g5 32. Qc1 f4 33. e5 Qxe5 34. Rxc7 Rae8 35. Bb5 Rxc7 36. Qxc7 Re7 37. Qxb6 Ng6 38. h5 Nh4 39. Bd3 g4 40. fxg4 f3 41. Qf2 Nxg2 42. Qxf3 Nf4 43. Bf1 Rg7 44. Rc1 Qd4+ 45. Kh1 Qxd5 46. Qxd5 Nxd5 47. Rc8+ 1-0

[Event "Arica op 4th"]
[Site "Arica"]
[Date "2017.12.11"]
[Round "2"]
[White "Ramirez M, Eugenia"]
[Black "Kiriakov, Petr"]
[Result "0-1"]
[WhiteElo "2100"]
[BlackElo "2528"]
[PlyCount "56"]
[EventDate "2017.12.10"]
[EventType "swiss"]
[EventRounds "10"]
[EventCountry "CHI"]
[SourceTitle "CBM 182 Extra"]
[Source "ChessBase"]
[SourceDate "2018.02.23"]
[SourceVersion "1"]
[SourceVersionDate "2018.02.23"]
[SourceQuality "1"]

1. e4 e6 2. d4 d5 3. exd5 exd5 4. Bd3 c5 5. dxc5 Bxc5 6. c3 Nf6 7. Nf3 0-0 8. 0-0 Nc6 9. Bg5 h6 10. Bh4 g5 11. b4 Bb6 12. b5 gxh4 13. bxc6 bxc6 14. Qd2 Kg7 15. Qf4 h3 16. Qg3+ Kh8 17. Qf4 Ng8 18. Ne5 hxg2 19. Re1 Qf6 20. Qxf6+ Nxf6 21. Nxc6 Bh3 22. Nd4 Rac8 23. Re3 Bd7 24. a4 Rg8 25. Rg3 Nh5 26. Ba6 Nxg3 27. Bxc8 Bxd4 28. Ba6 Ne2+ 0-1

[Event "Mansa Chilufya Memorial"]
[Site "Mansa"]
[Date "2017.10.21"]
[Round "4"]
[White "Gupta, Abhijeet"]
[Black "Kiriakov, Petr"]
[Result "1-0"]
[WhiteElo "2619"]
[BlackElo "2543"]
[PlyCount "134"]
[EventDate "2017.10.20"]
[EventType "tourn"]
[EventRounds "9"]
[EventCountry "ZAM"]
[EventCategory "7"]
[SourceTitle "CBM 181 Extra"]
[Source "ChessBase"]
[SourceDate "2017.12.12"]
[SourceVersion "1"]
[SourceVersionDate "2017.12.12"]
[SourceQuality "1"]

1. d4 e6 2. c4 Nf6 3. g3 d5 4. Bg2 Be7 5. Nf3 0-0 6. 0-0 dxc4 7. Qc2 a6 8. a4 Bd7 9. Bg5 h6 10. Bxf6 Bxf6 11. Rd1 Bc6 12. e4 a5 13. Na3 Na6 14. Nxc4 Nb4 15. Qe2 b6 16. h4 Bb7 17. b3 Ba6 18. Rac1 c6 19. Qe3 Rc8 20. Bf1 Bb7 21. Nfe5 b5 22. Na3 Na2 23. Ra1 b4 24. Nac4 Nc3 25. Rd2 Qc7 26. Ng4 Be7 27. Bg2 Rfd8 28. Re1 Bf8 29. Qf4 Qxf4 30. gxf4 Ra8 31. Nge3 h5 32. Kh2 g6 33. Kg3 Bg7 34. e5 Bf8 35. Nd1 Nd5 36. Nde3 Nc3 37. Rc1 Ra7 38. Nd1 Nd5 39. Nce3 Rd7 40. Nxd5 cxd5 41. Bf1 Ba6 42. Bxa6 Rxa6 43. Rc8 Rda7 44. Rdc2 Ra8 45. Nb2 Kg7 46. Rxa8 Rxa8 47. Rc7 Re8 48. Nd3 Re7 49. Rc8 Ra7 50. f5 gxf5 51. Nf4 Be7 52. Nxh5+ Kg6 53. Nf4+ Kg7 54. Nd3 Kg6 55. f4 Kh5 56. Kh3 Kg6 57. Ne1 Rd7 58. Nf3 Bd8 59. Ng5 Bb6 60. Rg8+ Kh6 61. Rh8+ Kg7 62. Rh7+ Kg8 63. h5 Rc7 64. h6 Rc3+ 65. Kh4 Bd8 66. Rg7+ Kf8 67. Rxf7+ Ke8 1-0

[Event "Beirut op 9th"]
[Site "Beirut"]
[Date "2017.10.03"]
[Round "5"]
[White "Yilmaz, Mustafa"]
[Black "Kiriakov, Petr"]
[Result "1-0"]
[WhiteElo "2633"]
[BlackElo "2543"]
[PlyCount "119"]
[EventDate "2017.09.30"]
[EventType "swiss"]
[EventRounds "9"]
[EventCountry "LBN"]
[SourceTitle "CBM 181 Extra"]
[Source "ChessBase"]
[SourceDate "2017.12.12"]
[SourceVersion "1"]
[SourceVersionDate "2017.12.12"]
[SourceQuality "1"]

1. d4 e6 2. c4 Nf6 3. Nf3 Bb4+ 4. Bd2 Bxd2+ 5. Qxd2 d5 6. g3 0-0 7. Bg2 Qe7 8. 0-0 c6 9. Rc1 Nbd7 10. Qe3 Re8 11. Na3 e5 12. dxe5 Nxe5 13. Nxe5 Qxe5 14. Qxe5 Rxe5 15. cxd5 Nxd5 16. e4 Nb6 17. Nc2 Kf8 18. Nb4 Re7 19. Nd3 Be6 20. Nc5 Rd8 21. Rd1 Rxd1+ 22. Rxd1 Bc8 23. f4 f6 24. Kf2 Nd7 25. Nd3 Nb6 26. b3 Rd7 27. Ke3 Ke7 28. Rc1 Rd8 29. Bf3 Nd7 30. h4 Nf8 31. g4 h6 32. f5 Nd7 33. Kf4 g5+ 34. Ke3 Re8 35. Rh1 c5 36. hxg5 hxg5 37. e5 Nxe5 38. Nxe5 Kd6 39. Kf2 Rxe5 40. Rh6 Ke7 41. Rh7+ Kd6 42. Rf7 Re8 43. Rxf6+ Ke5 44. Rf7 Kf4 45. Rc7 b6 46. Rxa7 b5 47. Rc7 Ba6 48. Rxc5 Re3 49. Be2 Rh3 50. f6 Rh2+ 51. Ke1 Rh8 52. Rf5+ Ke3 53. f7 Rf8 54. Rf6 Bc8 55. Bxb5 Bxg4 56. Bc4 Rd8 57. Be2 Bxe2 58. Re6+ Kd3 59. Rxe2 Rf8 60. Re7 1-0

[Event "RUS-chT blitz"]
[Site "Sochi"]
[Date "2015.05.10"]
[Round "3.14"]
[White "Kiriakov, Petr"]
[Black "Inarkiev, Ernesto"]
[Result "1/2-1/2"]
[WhiteElo "2535"]
[BlackElo "2664"]
[PlyCount "143"]
[EventDate "2015.05.10"]
[EventType "team-swiss (blitz)"]
[EventRounds "11"]
[EventCountry "RUS"]
[SourceTitle "CBM 166 Extra"]
[Source "ChessBase"]
[SourceDate "2015.06.18"]
[SourceVersion "1"]
[SourceVersionDate "2015.06.18"]
[SourceQuality "1"]
[WhiteTeam "Krasnoyarsk 56 parallel"]
[BlackTeam "Moscow Our Heritage II"]
[WhiteTeamCountry "RUS"]
[BlackTeamCountry "RUS"]

1. d4 Nf6 2. c4 e6 3. Nc3 Bb4 4. Qc2 0-0 5. a3 Bxc3+ 6. Qxc3 d5 7. e3 b6 8. b3 c5 9. Nf3 Nc6 10. Bb2 cxd4 11. Nxd4 Bb7 12. Be2 Nxd4 13. Qxd4 dxc4 14. Bxc4 Qe7 15. 0-0 Rfd8 16. Qe5 Rac8 17. Rac1 Rc5 18. Qf4 Rf5 19. Qh4 b5 20. Be2 Rd2 21. Bxf6 Qxf6 22. Qxf6 gxf6 23. Rfe1 Rfd5 24. Kf1 a6 25. Rc7 Rd7 26. Rxd7 Rxd7 27. a4 bxa4 28. bxa4 a5 29. Rb1 Be4 30. Rb5 Ra7 31. Rc5 Bd5 32. f3 f5 33. Kf2 Kf8 34. Kg3 Ke7 35. Kf4 Kf6 36. e4 fxe4 37. fxe4 e5+ 38. Ke3 Bb3 39. Bb5 Be6 40. Rc6 Ke7 41. Rb6 Rc7 42. Ra6 Rc3+ 43. Ke2 Bc4+ 44. Bxc4 Rxc4 45. Rxa5 Rxe4+ 46. Kf3 Rf4+ 47. Ke3 Kf6 48. Ra7 h5 49. a5 Ra4 50. a6 h4 51. Ra8 Kf5 52. a7 f6 53. Kf3 Ra3+ 54. Ke2 Ke4 55. Rf8 Rxa7 56. Rxf6 Ra2+ 57. Kf1 Kd4 58. Rh6 Ke3 59. g3 hxg3 60. hxg3 e4 61. Rf6 Kd3 62. Rd6+ Ke3 63. g4 Rf2+ 64. Kg1 Rf4 65. Ra6 Kf3 66. g5 e3 67. Kf1 Ke4+ 68. Ke2 Rf2+ 69. Ke1 Rg2 70. g6 Kd3 71. Rd6+ Ke4 72. Re6+ 1/2-1/2

[Event "RUS-chT blitz"]
[Site "Sochi"]
[Date "2015.05.10"]
[Round "7.2"]
[White "Kiriakov, Petr"]
[Black "Jobava, Baadur"]
[Result "1/2-1/2"]
[WhiteElo "2535"]
[BlackElo "2699"]
[PlyCount "115"]
[EventDate "2015.05.10"]
[EventType "team-swiss (blitz)"]
[EventRounds "11"]
[EventCountry "RUS"]
[SourceTitle "CBM 166 Extra"]
[Source "ChessBase"]
[SourceDate "2015.06.18"]
[SourceVersion "1"]
[SourceVersionDate "2015.06.18"]
[SourceQuality "1"]
[WhiteTeam "Krasnoyarsk 56 parallel"]
[BlackTeam "Belorechensk Univ"]
[WhiteTeamCountry "RUS"]
[BlackTeamCountry "RUS"]

1. d4 d5 2. c4 c6 3. Nf3 Nf6 4. e3 g6 5. Nc3 Bg7 6. Be2 0-0 7. 0-0 Bg4 8. cxd5 cxd5 9. Qb3 b6 10. h3 Bxf3 11. Bxf3 e6 12. Bd2 Nc6 13. Be2 Ne8 14. Qa4 Ne7 15. Rfc1 Nd6 16. Nb5 Ndf5 17. Nc7 Rc8 18. Qxa7 e5 19. Nb5 exd4 20. exd4 Nc6 21. Qa4 Nfxd4 22. Nxd4 Nxd4 23. Bf1 Qh4 24. Qd7 Rcd8 25. Qg4 Qxg4 26. hxg4 f5 27. gxf5 Nxf5 28. Bc3 Rc8 29. Bxg7 Kxg7 30. Bd3 Nd6 31. Rxc8 Rxc8 32. a4 Kf6 33. Kf1 Ke5 34. b4 Kd4 35. Be2 Nc4 36. a5 b5 37. Rd1+ Kc3 38. Rxd5 Kxb4 39. a6 Ra8 40. Rd7 Rxa6 41. Bxc4 bxc4 42. Rxh7 c3 43. Ke2 Kb3 44. Rb7+ Kc2 45. f4 Re6+ 46. Kf3 Rd6 47. Ke4 Kd2 48. f5 c2 49. Rc7 gxf5+ 50. Kxf5 Rd5+ 51. Kf4 Rd4+ 52. Kf5 Rd5+ 53. Kf4 Rd3 54. Rxc2+ Kxc2 55. g4 Rd8 56. g5 Kd3 57. Ke5 Ra8 58. g6 1/2-1/2

[Event "RUS-chT2"]
[Site "Sochi"]
[Date "2015.05.03"]
[Round "3.1"]
[White "Kiriakov, Petr"]
[Black "Sychev, Klementy"]
[Result "1-0"]
[WhiteElo "2535"]
[BlackElo "2425"]
[PlyCount "79"]
[EventDate "2015.05.01"]
[EventType "team-swiss"]
[EventRounds "7"]
[EventCountry "RUS"]
[SourceTitle "CBM 166 Extra"]
[Source "ChessBase"]
[SourceDate "2015.06.18"]
[SourceVersion "1"]
[SourceVersionDate "2015.06.18"]
[SourceQuality "1"]
[WhiteTeam "Krasnoyarsk 56 parallel"]
[BlackTeam "Moscow Academy"]
[WhiteTeamCountry "RUS"]
[BlackTeamCountry "RUS"]

1. d4 Nf6 2. c4 c5 3. d5 e6 4. Nc3 exd5 5. cxd5 d6 6. e4 g6 7. h3 Bg7 8. Nf3 0-0 9. Bd3 b5 10. Nxb5 Nxe4 11. Bxe4 Re8 12. Ng5 Qa5+ 13. Nc3 Ba6 14. f3 Nd7 15. Kf2 Rab8 16. g4 h6 17. Nxf7 Kxf7 18. Qc2 Kg8 19. Bxg6 Rf8 20. Bf5 Ne5 21. f4 Nc4 22. Kg3 Kh8 23. a3 Rxf5 24. gxf5 Rg8 25. Kh2 Ne5 26. Qd1 Nd3 27. Rg1 Bxc3 28. Rxg8+ Kxg8 29. bxc3 Qxc3 30. Rb1 Kf7 31. Qh5+ Ke7 32. Qe2+ Ne5 33. Bb2 Qb3 34. Qxa6 Qc2+ 35. Kg3 Qxb1 36. f6+ Kd8 37. fxe5 Qg1+ 38. Kf3 Qh1+ 39. Ke2 Qg2+ 40. Ke1 1-0

[Event "Sibiria Region-ch"]
[Site "Novokuznetsk"]
[Date "2008.03.18"]
[Round "6"]
[White "Kiriakov, Petr"]
[Black "Loskutov, Oleg"]
[Result "1-0"]
[WhiteElo "2545"]
[BlackElo "2431"]
[PlyCount "93"]
[EventDate "2008.03.13"]
[EventType "swiss"]
[EventRounds "9"]
[EventCountry "RUS"]
[SourceTitle "CBM 123 Extra"]
[Source "ChessBase"]
[SourceDate "2008.05.06"]
[SourceVersion "1"]
[SourceVersionDate "2008.05.06"]
[SourceQuality "1"]

1. d4 Nf6 2. c4 g6 3. Nc3 Bg7 4. e4 d6 5. Nf3 0-0 6. Be2 e5 7. 0-0 Nc6 8. d5 Ne7 9. Ne1 Ne8 10. Be3 f5 11. f3 Kh8 12. c5 Ng8 13. a4 Bh6 14. Bxh6 Nxh6 15. Nd3 f4 16. a5 Ng8 17. b4 h5 18. b5 Qe7 19. b6 dxc5 20. bxc7 c4 21. Nf2 Nd6 22. Qa4 Bd7 23. Qb4 g5 24. Na4 Rac8 25. Nc5 Rxc7 26. Nxd7 Qxd7 27. Rfc1 Nf6 28. Rxc4 Rxc4 29. Bxc4 g4 30. Be2 Rg8 31. Qc3 Qe7 32. Rc1 gxf3 33. Bxf3 Nb5 34. Qc5 Qe8 35. Rd1 a6 36. Qb6 Qf7 37. Kf1 Qg7 38. Rc1 Ng4 39. Bxg4 hxg4 40. Nxg4 Rf8 41. Qe6 Kh7 42. Nxe5 Nd4 43. Qd7 Qxd7 44. Nxd7 Rf7 45. Rc7 Kg7 46. Rxb7 f3 47. Nc5 1-0

[Event "Sibiria Region-ch"]
[Site "Novokuznetsk"]
[Date "2008.03.17"]
[Round "5"]
[White "Kljucharev, Sergey"]
[Black "Kiriakov, Petr"]
[Result "0-1"]
[WhiteElo "2367"]
[BlackElo "2545"]
[PlyCount "46"]
[EventDate "2008.03.13"]
[EventType "swiss"]
[EventRounds "9"]
[EventCountry "RUS"]
[SourceTitle "CBM 123 Extra"]
[Source "ChessBase"]
[SourceDate "2008.05.06"]
[SourceVersion "1"]
[SourceVersionDate "2008.05.06"]
[SourceQuality "1"]

1. Nf3 Nf6 2. c4 e6 3. Nc3 Bb4 4. Qc2 c5 5. Nb5 d6 6. a3 Ba5 7. g3 Nc6 8. Bg2 0-0 9. 0-0 h6 10. Rd1 e5 11. d3 a6 12. Nc3 Bg4 13. Be3 Qd7 14. Qa4 b5 15. Qc2 Rab8 16. Rdb1 bxc4 17. Qa4 Bxc3 18. bxc3 cxd3 19. Qxa6 dxe2 20. Nd2 Ne7 21. Nc4 Rxb1+ 22. Rxb1 Bf5 23. Ra1 Bd3 0-1

[Event "RUS-ch Higher League 60th"]
[Site "Krasnoyarsk"]
[Date "2007.09.13"]
[Round "10"]
[White "Potkin, Vladimir"]
[Black "Kiriakov, Petr"]
[Result "1/2-1/2"]
[WhiteElo "2591"]
[BlackElo "2541"]
[PlyCount "67"]
[EventDate "2007.09.03"]
[EventType "swiss"]
[EventRounds "11"]
[EventCountry "RUS"]
[SourceTitle "CBM 120"]
[Source "ChessBase"]
[SourceDate "2007.10.02"]
[SourceVersion "1"]
[SourceVersionDate "2007.10.02"]
[SourceQuality "1"]

1. e4 e6 2. d4 d5 3. Nd2 a6 4. Ngf3 c5 5. exd5 exd5 6. dxc5 Bxc5 7. Nb3 Bb6 8. Bg5 Ne7 9. Bd3 Nbc6 10. 0-0 0-0 11. Re1 h6 12. Be3 Bg4 13. h3 Bh5 14. c3 Bc7 15. Be2 Re8 16. Nfd4 Bg6 17. Bd3 Qd6 18. g3 Bxd3 19. Qxd3 Qd7 20. Kg2 Ne5 21. Qc2 Rad8 22. Bf4 N7g6 23. Bxe5 Nxe5 24. Re2 b6 25. Rae1 g6 26. Nc1 h5 27. Nd3 Nxd3 28. Qxd3 b5 29. h4 Bb6 30. a3 Qc8 31. Qd1 Qa8 32. Qd3 Qc8 33. Qd1 Qa8 34. Qd3 1/2-1/2